Measuring access to primary education : (Record no. 27174)

MARC details
000 -LEADER
fixed length control field 00538nam a2200145Ia 4500
008 - FIXED-LENGTH DATA ELEMENTS--GENERAL INFORMATION
fixed length control field 211220s9999 xx 000 0 eng d
041 ## - LANGUAGE CODE
Language code of text/sound track or separate title English
082 ## - DEWEY DECIMAL CLASSIFICATION NUMBER
Classification number RR.0308
100 ## - MAIN ENTRY--PERSONAL NAME
Personal name Raman, Rakesh
Affiliation Banaras Hindu University
-- Varanasi
245 #0 - TITLE STATEMENT
Title Measuring access to primary education :
Remainder of title a comparative study of select district of Kerala and Uttar Pradesh /
Statement of responsibility, etc. Rakesh Raman
260 ## - PUBLICATION, DISTRIBUTION, ETC.
Place of publication, distribution, etc. New Delhi :
Name of publisher, distributor, etc. Indian Council oF Social Science Research,
Date of publication, distribution, etc. 2017
300 ## - PHYSICAL DESCRIPTION
Extent V.P.
536 ## - FUNDING INFORMATION NOTE
Text of note Indian Council of Social Science Research
942 ## - ADDED ENTRY ELEMENTS (KOHA)
Koha item type Research Reports
Holdings
Withdrawn status Lost status Source of classification or shelving scheme Damaged status Not for loan Collection code Home library Current library Date acquired Source of acquisition Total Checkouts Full call number Barcode Date last seen Price effective from Koha item type
    Dewey Decimal Classification   Not For Loan ICSSR Research Project Reports NASSDOC Library NASSDOC Library 06/12/2021 Gifted by: RP Division ICSSR   RR.0308 51829 20/12/2021 20/12/2021 Research Reports